|
|
|
|
| LEADER |
00000nam0a2200000 4500 |
| 001 |
311472 |
| 005 |
20231102002405.0 |
| 020 |
|
|
|a RU
|b 82-22651
|
| 035 |
|
|
|a (RuTPU)RU\TPU\book\336829
|
| 090 |
|
|
|a 311472
|
| 100 |
|
|
|a 20151208d1982 k y0rusy5003 ca
|
| 101 |
0 |
|
|a rus
|
| 102 |
|
|
|a UA
|
| 105 |
|
|
|a a z 001zy
|
| 200 |
1 |
|
|a Преобразователи формы информации для малых ЭВМ
|e [монография]
|f А. И. Кондалев [и др.]
|g Академия наук Украинской ССР (АН УССР), Институт кибернетики (ИК) ; под ред. А. И. Кондалева
|
| 210 |
|
|
|a Киев
|c Наукова думка
|d 1982
|
| 215 |
|
|
|a 310 с.
|c ил.
|d 22 см.
|
| 320 |
|
|
|a Библиогр.: с. 301-307
|
| 606 |
1 |
|
|a Преобразователи информации
|2 stltpush
|3 (RuTPU)RU\TPU\subj\51210
|9 69813
|
| 610 |
1 |
|
|a преобразователи формы
|
| 610 |
1 |
|
|a структурный синтез
|
| 610 |
1 |
|
|a АЦП
|
| 610 |
1 |
|
|a аналого-цифровые преобразователи
|
| 610 |
1 |
|
|a ЦАП
|
| 610 |
1 |
|
|a цифро-частотные преобразователи
|
| 610 |
1 |
|
|a точность
|
| 610 |
1 |
|
|a помехозащищенность
|
| 610 |
1 |
|
|a помехоустойчивость
|
| 610 |
1 |
|
|a инженерное проектирование
|
| 610 |
1 |
|
|a применение
|
| 610 |
1 |
|
|a монографии
|
| 675 |
|
|
|a 681.325.3
|z rus
|v 3
|
| 701 |
|
1 |
|a Кондалев
|b А. И.
|g Андрей Иванович
|
| 701 |
|
1 |
|a Багацкий
|b В. А.
|g Валентин Алексеевич
|
| 701 |
|
1 |
|a Романов
|b В. А.
|g Владимир Александрович
|
| 701 |
|
1 |
|a Фабричев
|b В. А.
|g Вячеслав Анатольевич
|
| 702 |
|
1 |
|a Кондалев
|b А. И.
|g Андрей Иванович
|4 340
|
| 712 |
0 |
2 |
|a Академия наук Украинской ССР (АН УССР)
|b Институт кибернетики (ИК)
|c (Киев)
|c (1962-1991)
|2 stltpush
|3 (RuTPU)RU\TPU\col\11437
|
| 801 |
|
0 |
|a RU
|b RuMRKP
|c 19950704
|g psbo
|
| 801 |
|
1 |
|a RU
|b 63413507
|c 20151208
|
| 801 |
|
2 |
|a RU
|b 63413507
|c 20180926
|g RCR
|
| 942 |
|
|
|c BK
|